Harry Potter y las reliquias de la muerte / (Registro nro. 12691)
[ vista simple ]
| 000 -LIDER | |
|---|---|
| fixed length control field | 00809nam a22002417a 4500 |
| 003 - IDENTIFICACDOR DE NÚMERO DE CONTROL | |
| control field | DO-SdBNP |
| 005 - DATE AND TIME OF LATEST TRANSACTION | |
| control field | 20230315105223.0 |
| 008 - ELEMENTOS DE LONGITUD FIJA | |
| fixed length control field | 171025b2016 sp || |||| 00| 0 spa d |
| 020 ## - ISBN | |
| International Standard Book Number | 9788498386691 |
| 040 ## - FUENTE DE CATALOGACIÓN | |
| Agencia que crea de manera original el registro | BPMSU |
| Idioma de catalogación | spa |
| Agencia que realiza la transcripción | BPMSU |
| 082 ## - NÚMERO DE CLASIFICACIÓN DECIMAL DE DEWEY | |
| Classification number | 823.91 |
| Item number | R884H 2016 |
| Edition number | 22 |
| 100 1# - ASIENTO PRINCIPAL -- NOMBRE PERSONAL | |
| Nombre personal | Rowling, J. K. |
| Fechas asociadas con el nombre | 1965- |
| 245 10 - MENCIÓN DE TITULO | |
| Título | Harry Potter y las reliquias de la muerte / |
| Mención de responsabilidad | J. K. Rowling ; traducción Gemma Rovira Ortega |
| 260 ## - PUBLICACIÓN, DISTRIBUCIÓN, ETC. (PIE DE IMPRENTA) | |
| Lugar de publicación, distribución, etc | Barcelona : |
| Nombre del editor, distribuidor, etc. | Salamandra ; |
| Fecha de publicación, distribución, etc | 2016. |
| 300 ## - DESCRIPCIÓN FÍSICA | |
| Extensión | 697 p. : |
| Otros detalles físicos | il. ; |
| Dimensiones | 22 cm. |
| 490 0# - MENCIÓN DE SERIES | |
| Materiales especificados | Harry Potter, |
| Volume/sequential designation | 7 |
| 500 ## - NOTA GENERAL | |
| Nota general | Incluye datos biográficos del autor en la solapa de la cubierta. |
| 650 #4 - ENCABEZAMIENTO DE MATERIA--TEMÁTICO | |
| Término temático o nombre geográfico como elemento de entrada | Novela juvenil inglesa |
| 650 #4 - ENCABEZAMIENTO DE MATERIA--TEMÁTICO | |
| Término temático o nombre geográfico como elemento de entrada | Magia |
| Subdivisión de forma | Novela |
| 700 1# - ASIENTO SECUNDARIO -- NOMBRE PERSONAL | |
| Nombre personal | Rovira Ortega, Gemma, |
| Mención de responsabilidad | tr. |
| 910 ## - VALIDACIÓN | |
| Validación | BTAVAREZ/ VMateo V. Control de calidad (BPMSU) |
| 942 ## - ADDED ENTRY ELEMENTS (KOHA) | |
| Source of classification or shelving scheme | Dewey Decimal Classification |
| Koha item type | Libros |
| Withdrawn status | Lost status | Source of classification or shelving scheme | Damaged status | Not for loan | Collection code | Home library | Current library | Date acquired | Source of acquisition | Full call number | Barcode | Date last seen | Copy number | Price effective from | Koha item type |
|---|---|---|---|---|---|---|---|---|---|---|---|---|---|---|---|
| Dewey Decimal Classification | Colección Juvenil General | Biblioteca Pública Metropolitana Salomé Ureña | Biblioteca Pública Metropolitana Salomé Ureña | 10/25/2017 | COMPRA | BPMSU CG 823.91 R884H 2016 | BPMSU17100147 | 10/25/2017 | v.7 | 10/25/2017 | Libros |